000 00452nam a2200181Ia 4500
005 20250425162108.0
008 250425s9999 xx 000 0 und d
041 _aspa
082 _a629.040212
245 0 _aESTADISTICAS DEL TRANSPORTE EN EL ECUADOR
250 _a1A ED.
260 _aEcuador
_bMINISTERIO DE OBRAS PUBLICAS
_c2002
260 _aS.L.
650 _aECUADOR
650 _aTRANSPORTE-ESTADISTICA
942 _c01
010 _a49614
999 _c222242
_d222242